| 000 | 00873pam a2200205 a 4500 | ||
|---|---|---|---|
| 020 | _a0079113850 | ||
| 082 | 0 | 0 |
_a658.15 _bSTE _cN-01, P-44 |
| 100 | 1 |
_aSteiner, Henry Malcolm. _944601 |
|
| 245 | 1 | 0 |
_aEngineering economic principles / _cHenry Malcolm Steiner. |
| 250 | _a2nd ed. | ||
| 260 |
_aNew York : _bMcGraw-Hill, _cc1992. |
||
| 300 |
_axvi, 520 p. : _bill. ; _c25 cm. + _e1 computer disk (5 1/2 in.) |
||
| 500 | _aRev. ed. of: Basic engineering economy / Henry Malcolm Steiner. c1989. | ||
| 500 | _aSystem requirements for computer disk: IBM AT, XT, PS/2, Macintosh, or compatible; 256K memory; DOS 3.0; Lotus 1-2-3 version 2.0 or greater, Quattro or Microsoft Excel; Lindo; 2 disk drives. | ||
| 526 |
_a0 _b0 _c0 _d658_150000000000000_STE |
||
| 650 | 0 | _aEngineering economy. | |
| 650 | 0 |
_aNUST _96342 |
|
| 700 | 1 |
_aSteiner, Henry Malcolm. _944601 |
|
| 942 |
_2ddc _cBK |
||
| 999 |
_c548346 _d548346 |
||